000 00497nam a22001817a 4500
999 _c9183
_d9183
003 GBCCL
005 20241126110707.0
008 220425b ||||| |||| 00| 0 eng d
040 _cGBC
082 _a223.107
_bBIA
100 _aBiakmawia, C
_915989
245 _aJoba leh thufingte : hebrai te finna thu
260 _aAizawl :
_bSynod publication board,
_c1988
300 _a186
440 _aThuthlung Hlui Hrilhfiahna
_915990
650 _aBible
_vOld Testament
_xJob
_97644
942 _2ddc
_cBK